LDR 00972naa#a2200181#i#450# 001 RU\\bibl\126436 005 20260629222539.1 011 ## _a2223-9987 100 ## _a20260629b2026####ek#y0rusy0150####ca 102 ## _aRU 200 1# _aТеплоизоляционные материалы в конструкции изотермического подвижного состава _eЖурнальная статья 210 1# _aСанкт-Петербург _cФГБОУ ВО "Петербургский государственный университет путей сообщения Императора Александра I" _d2026 215 ## _a9 с. 608 ## _aЖурнальная статья _2local 675 ## _aВагоны изотермические, с обогревом, рефрижераторы. 629.463.12 _z 700 #1 _aБуриков _gСергей Витальевич 700 #1 _aЦыганская _gЛюдмила Валерьевна 856 4# _aatjournal.ru _u